| 000 | 00913nam a2200241Ia 4500 | ||
|---|---|---|---|
| 003 | OSt | ||
| 005 | 20221005112824.0 | ||
| 006 | a|||||r|||| 00| 0 | ||
| 007 | ta | ||
| 008 | 221004b |||||||| |||| 00| 0 pan d | ||
| 020 |
_a9788182992085 (hbk) _c395 |
||
| 024 | _a104456 | ||
| 037 |
_b7830/V, 31/01/2011, Arsee Publishers _cTextual |
||
| 040 |
_aCRL _cCRL _bpan |
||
| 041 |
_2pan _apan |
||
| 082 | _aO157,3M76,75, 153Q1 | ||
| 100 |
_aਚੱਟੋਪਾਧਿਆਏ, ਰਤਚੰਦਰl ਬਲਦੇਵ ਸਿੰਘ, ਥਦ। _9624424 |
||
| 245 | 0 | _aਚਰਿੱਤਰਹੀਣ | |
| 260 |
_aਦਿੱਲੀ _bਆਰਸੀ ਭਾਰਤ _c2011 |
||
| 300 |
_a344ਪੰ _ccm. |
||
| 942 |
_hO157,3M76,75, 153Q1 _cTEXL _2cc |
||
| 999 |
_c1026094 _d1026094 |
||